MARC

LEADER 00000nam0a2200000 4500
001 62967
005 20231101212032.0
035 |a (RuTPU)RU\TPU\book\66788 
090 |a 62967 
100 |a 20040423d1961 k y0rusy50 ca 
101 0 |a rus 
102 |a RU 
105 |a a z 011zy 
200 1 |a Изложение учения Сен-Симона  |e пер. с фр.  |f Под ред. Э. А. Желубовской 
210 |a Москва  |c Изд-во АН СССР  |d 1961 
215 |a 608 с.  |c ил. 
300 |a К 200 летию со дня рождения. 1760-1960. 
320 |a Библиогр.: с. 598-600. 
600 1 |a Сен-Симон  |g Клод Анри де Рувруа  |b К. А. де Р.  |c французский мыслитель  |c граф  |f 1760-1825  |2 stltpui  |3 (RuTPU)RU\TPU\pers\55 
606 1 |a Французская философия  |2 stltpush  |3 (RuTPU)RU\TPU\subj\38002  |9 58738 
610 1 |a философия 
610 1 |a утопизм 
610 1 |a утопический социализм 
610 1 |a история 
610 1 |a 19 век 
686 |a Ю3(4Фр)  |v LBC/SL-A  |2 rubbk 
702 1 |a Желубовская  |b Э. А.  |g Энна Адольфовна  |4 340 
801 1 |a RU  |b 63413507  |c 20040423  |g PSBO 
801 2 |a RU  |b 63413507  |c 20231016  |g PSBO 
942 |c BK